000 00461nam a2200181Ia 4500
003 GCL
008 140319s9999 xx 000 0 ara d
040 _aGCL /
_cGCL
082 0 4 _a811.9
_bب ا
100 1 _aبول شاوول
245 1 0 _aاوراق الغائب /
_cبول شاوول
260 _a[S.N] :
_bدار الجديد ،
_c1992
300 _a118
490 _a
650 0 4 _aالادب العربى
650 0 4 _aالشعر
942 _2ddc
_cBK
999 _c53059
_d53059